|
|
|
|
| LEADER |
00000nam a22000007a 4500 |
| 005 |
20141009235439.0 |
| 007 |
cr|||| |||| |
| 008 |
141009s2014 es |||||s|||| 00||0 spa d |
| 020 |
|
|
|a 978-84-942385-0-5
|
| 035 |
|
|
|a 12435
|
| 040 |
|
|
|a vLex
|
| 090 |
|
|
|c 5205
|d 5205
|
| 100 |
1 |
|
|a Manzano Silva, Elena
|
| 245 |
1 |
0 |
|a Procedimientos tributarios:
|h [Recurso electrn̤ico] :
|b aspectos prc̀ticos /
|c Elena Manzano Silva
|
| 256 |
|
|
|a Servicio en ln̕ea
|
| 260 |
|
|
|a Barcelona:
|b J.M. Bosch Editor,
|c 2014
|
| 300 |
|
|
|a 1 recurso electrn̤ico
|
| 500 |
|
|
|a El tiempo transcurrido desde la entrada en vigor de la Ley General Tributaria y de sus reglamentos de desarrollo permite, a estas alturas, disponer de un conjunto de Sentencias y de Resoluciones del TEAC bastante extenso. Ello conduce a examinar, con una visin̤ prc̀tica, un buen nm︢ero de temas relativos a los procedimientos tributarios, concediňdoles la gran importancia que tienen. El calificativo de cuestiones adjetivas que, en ocasiones, se utiliza para referirse a los aspectos formales y procedimentales del Derecho tributario no debe llevar a creer que tales materias son asuntos menores. Convencidos de esa idea los autores de la monografa̕ Procedimientos Tributarios: aspectos prc̀ticos, han seleccionado para su anl̀isis 16 bloques de materias. A lo largo de la obra se pasa revista a las ms̀ diversas cuestiones, comunes y especf̕icas, referidas a los distintos procedimientos tributarios (gestin̤, inspeccin̤, recaudacin̤, sancionador y revisin̤ en va̕ administrativa). Se ha pretendido que sea un instrumento t︢il para los profesionales y estudiosos del Derecho Tributario.
|
| 506 |
1 |
|
|a Disponible solo en los productos indicados
|d vLex Global
|d vLex Global (Academic Edition, excluding Law Schools)
|d vLex Global (U.S. Academic Edition, Law Schools)
|d vLex Global (U.S. Academic Edition, excluding Law Schools)
|d vLex Global (Academic Edition, Law Schools)
|
| 650 |
0 |
4 |
|a Derecho Civil
|z Espaą
|
| 650 |
0 |
4 |
|a Derecho Fiscal
|z Espaą
|
| 740 |
0 |
|
|a vLex Libros (Servicio en ln̕ea)
|
| 856 |
4 |
0 |
|u http://vlex.com/source/procedimientos-tributarios-aspectos-practicos-12435
|z Acceso restringido
|
| 942 |
|
|
|c BOOK
|
| 999 |
0 |
|
|a Civil Law
|
| 999 |
0 |
|
|a Tax Law
|